000 00364cam a2200145ua 4500
003 OSt
008 250328b |||||||| |||| 00| 0 eng d
041 _aeng
082 _a624.15
_bPIL/FU
100 _aPilborough, L .
_97362
245 _aFoundations of engineering science /
260 _aLondon :
_bBlackie & Son Ltd ,
_c1963.
300 _a468 ; .
942 _cBK
999 _c7095
_d7095